The engineering student survival guide / (Record no. 34186)

MARC details
000 -LEADER
fixed length control field 01754nam a2200241 a 4500
001 - CONTROL NUMBER
control field vtls003023274
003 - CONTROL NUMBER IDENTIFIER
control field MY-SjTCS
005 - DATE AND TIME OF LATEST TRANSACTION
control field 20200306154913.0
008 - FIXED-LENGTH DATA ELEMENTS--GENERAL INFORMATION
fixed length control field 110218s2005 maua b 001 0 eng
020 ## - INTERNATIONAL STANDARD BOOK NUMBER
International Standard Book Number 0073019259 (pbk.)
039 #9 - LEVEL OF BIBLIOGRAPHIC CONTROL AND CODING DETAIL [OBSOLETE]
Level of rules in bibliographic description 201102181234
Level of effort used to assign nonsubject heading access points VLOAD
Level of effort used to assign subject headings 200508221403
Level of effort used to assign classification susan
-- 200507151219
-- meena
082 04 - DEWEY DECIMAL CLASSIFICATION NUMBER
Classification number 620.0071173
Item number DON
100 1# - MAIN ENTRY--PERSONAL NAME
Personal name Donaldson, Krista.
9 (RLIN) 218638
245 14 - TITLE STATEMENT
Title The engineering student survival guide /
Statement of responsibility, etc. Krista Donaldson.
250 ## - EDITION STATEMENT
Edition statement 3rd ed.
260 ## - PUBLICATION, DISTRIBUTION, ETC.
Place of publication, distribution, etc. Boston, Mass. :
Name of publisher, distributor, etc. McGraw-Hill,
Date of publication, distribution, etc. c2005.
300 ## - PHYSICAL DESCRIPTION
Extent xiv, 205 p. :
Other physical details ill.
Dimensions 23 cm.
440 #0 - SERIES STATEMENT/ADDED ENTRY--TITLE
Title McGraw-Hill's BEST--basic engineering series and tools.
9 (RLIN) 35240
505 0# - FORMATTED CONTENTS NOTE
Formatted contents note Dedication. - Preface for students. - Preface for professors. - 1. Let's take a shot at defining success. - 2. Covering your bases. - 3. The undergrad engineering experience. - 4. Choosing a major and selecting classes. - 5. In class, more to staying awake than taking notes? - 6. Outside the classroom, workload and studying. - 7. Quizzes, tests, and exams. - 8. A crash course in engineering. - 9. When the going gets tough, dealing with ruts and unmarked pitfalls. - 10. Balancing it all. - 11. Beyond the bachelor's degree, things to think about midway through. - Appendix A. Discipline-Specific Engineering Societies. - Appendix B: Special Interest Societies. - Appendix C: Engineering Honor Societies. - Appendix D: Some Useful Stuff. - Appendix E: Sample Resume. - Appendix F: Sample At-A-Glance Resume. - Bibliography - Thanks for the Info! - About the Author. - About the Illustrator. - About the cartoon stripper. - Index.
650 #0 - SUBJECT ADDED ENTRY--TOPICAL TERM
Topical term or geographic name entry element Engineering students
Geographic subdivision United States.
9 (RLIN) 218639
650 #0 - SUBJECT ADDED ENTRY--TOPICAL TERM
Topical term or geographic name entry element College student orientation
Geographic subdivision United States.
9 (RLIN) 14555
920 ## - Programme
Programme ENG : 31920
Holdings
Withdrawn status Lost status Source of classification or shelving scheme Damaged status Not for loan Home library Current library Date acquired Total Checkouts Total Renewals Barcode Date last seen Date last checked out Copy number Uniform Resource Identifier Koha item type Public note
    Dewey Decimal Classification     Taylor's Library-TU Taylor's Library-TU 19/02/2009 18 2 5000072953 08/11/2022 26/09/2022 1 Floor 4, Shelf 19 , Side 1, TierNo 4, BayNo 2 Main Collection SOExx,07017,03,GR